Entraineurs De L'OM (1986-2026) - Statistiques

Statistiques générales
  • Ce quiz a été pris 64 fois
  • Le résultat moyen est 15 sur 34
Statistiques - réponses
Années Entraineurs % Correct
2024-2026 Roberto De Zerbi
98%
2009-2012 Didier Deschamps
95%
2026 Habib Beye
93%
2022-2023 Igor Tudor
85%
2014-2015 Marcelo Bielsa
75%
2016-2019 Rudi Garcia
70%
2019-2021 André Villas-Boas
68%
2024 Jean-Louis Gasset
65%
2021-2022 Jorge Sampaoli
65%
2023 Marcelino
60%
2015-2016 Michel
57%
2023-2024 Gennaro Gattuso
55%
2023/2026 Jacques Abardonado
55%
1997-1999 Rolland Courbis
55%
2007-2009 Eric Gerets
53%
2015/2016 Franck Passi
52%
2012-2013 Elie Baup
48%
1991/1991-1992/1992-1993 Raymond Goethals
47%
2001/2004/2013-2014 José Anigo
38%
1988-1890/1994/1995-1997 Gerard Gili
33%
1990-1991 Franz Beckenbauer
32%
2000/2001-2002/2006-2007 Albert Emon
28%
2021 Nasser Larguet
28%
1992/2005-2006 Jean Fernandez
27%
1988 Michel Hidalgo
18%
1999-2000 Bernard Casoni
17%
1986-1988 Gerard Banide
17%
1991 Tomislav Ivic
17%
2001 Tomislav Ivic
17%
2004-2005 Philippe Troussier
15%
1993-1994 Marc Bourrier
13%
2000 Abel Braga
8%
1995 Henri Stambouli
8%
2000-2001 Javier Clemente
8%
Aucun quiz correspondant
Distribution des résultats
% des personnes avec chaque résultat
Percentile par nombre de réponses
Votre historique - résultats
Vous n’avez pas pris ce quiz